00557nam a2200169 a 4500008004100000050001400041100002300055245010700078260004400185300002800229502004000257504004100297650002200338003000100360005001700361040000900378 00aQA273 BOD aBodhlyera, Oliver.00aRecord breaking values from sequences of identically distributed random variables /cOliver Bodhlyera. aNew York :bUniversity of Essex,c1997. a83 p. :bill. ;c25 cm. aThesis (M.A.) - UE, New York, 1997. aIncludes bibliographical references. 0aRandom variables.20230123134411.0 cNUST